Aid and entrepreneurship in Tanzania (Record no. 33996)

MARC details
000 -LEADER
fixed length control field 00837nam a2200205 a 4500
008 - FIXED-LENGTH DATA ELEMENTS--GENERAL INFORMATION
fixed length control field 120416s1993 ||||||||||||||||| || u
020 ## - INTERNATIONAL STANDARD BOOK NUMBER
International Standard Book Number 9976601891
050 ## - LIBRARY OF CONGRESS CALL NUMBER
Classification number HB 615 Gra
100 ## - MAIN ENTRY--PERSONAL NAME
Personal name Gran, Thorvald
245 10 - TITLE STATEMENT
Title Aid and entrepreneurship in Tanzania
246 ## - VARYING FORM OF TITLE
Title proper/short title the Norwegian Development Agency's contribution to entrepreneurial mobilization in the public sector in Tanzania /
260 ## - PUBLICATION, DISTRIBUTION, ETC.
Place of publication, distribution, etc. Dar es Salaam :
Name of publisher, distributor, etc. Dar es Salaam University Press
Date of publication, distribution, etc. 1993.
300 ## - PHYSICAL DESCRIPTION
Extent xi, 154 p. ill.
350 ## - PRICE (NR) (BK AM CF MU VM SE) [OBSOLETE]
Price 0.00
500 ## - GENERAL NOTE
General note Includes bibliography.
650 ## - SUBJECT ADDED ENTRY--TOPICAL TERM
Topical term or geographic name entry element ECONOMIC ASSISTANCE, NORWEGIAN--TANZANIA
650 ## - SUBJECT ADDED ENTRY--TOPICAL TERM
Topical term or geographic name entry element NORWAY
650 ## - SUBJECT ADDED ENTRY--TOPICAL TERM
Topical term or geographic name entry element ENTREPRENEURSHIP--TANZANIA
995 ## - RECOMMENDATION 995 [LOCAL, UNIMARC FRANCE]
-- 0.00
-- CBU-MAIN LIBRARY (Kitwe)
-- 1
-- 8.95
-- 1
-- AVAILABLE
-- Oct 9, 2006
-- Main Library Open Access Collection
Holdings
Withdrawn status Lost status Source of classification or shelving scheme Damaged status Not for loan Home library Current library Shelving location Date acquired Total Checkouts Full call number Barcode Date last seen Price effective from Koha item type
          CBU-MAIN LIBRARY, KITWE. CBU-MAIN LIBRARY, KITWE.   11/30/2022   HB 615 Gra 027628 11/30/2022 11/30/2022 MONOGRAPH